Winning business games: (Record no. 33385)
[ view plain ]
| 000 -LEADER | |
|---|---|
| fixed length control field | 00937nam a22002537a 4500 |
| 005 - DATE AND TIME OF LATEST TRANSACTION | |
| control field | 19970904051429.3 |
| 008 - FIXED-LENGTH DATA ELEMENTS--GENERAL INFORMATION | |
| fixed length control field | 970904m19271929ii a 001 0aeng |
| 010 ## - LCCN (DPL NO) | |
| LC control number | ENG-95699 |
| 020 ## - INTERNATIONAL STANDARD BOOK NUMBER | |
| International Standard Book Number | 9788179929117 |
| Terms of availability | 295.00 |
| 035 ## - SYSTEM CONTROL NUMBER | |
| System control number | EN-79232 |
| 037 ## - SOURCE OF ACQUISITION | |
| Source of stock number/acquisition | DBAD/PUB |
| 040 ## - CATALOGING SOURCE | |
| Original cataloging agency | DPL |
| 082 ## - DEWEY DECIMAL CLASSIFICATION NUMBER | |
| Classification number | 658.40353 |
| 100 ## - MAIN ENTRY--PERSONAL NAME | |
| Personal name | Hall, L. Michael |
| 245 ## - TITLE STATEMENT | |
| Title | Winning business games: |
| Statement of responsibility, etc | by L. Michael Hall |
| Remainder of title | apply powerful NLP techniques to bocome a brilliant player / |
| 260 ## - PUBLICATION, DISTRIBUTION, ETC. (IMPRINT) | |
| Place of publication, distribution, etc | Mumbai |
| Name of publisher, distributor, etc | Jaico Publishing House, |
| Date of publication, distribution, etc | 2009 |
| 270 ## - ADDRESS | |
| Address | A-2, Jash chambers, Fort |
| City | Mumbai |
| Postal code | 400001 |
| 300 ## - PHYSICAL DESCRIPTION | |
| Extent | vii, 288p. |
| Dimensions | 22 cm.(Pbk) |
| 500 ## - GENERAL NOTE | |
| General note | Includes index |
| 650 ## - SUBJECT ADDED ENTRY--TOPICAL TERM | |
| Topical term or geographic name as entry element | Management games |
| 942 ## - ADDED ENTRY ELEMENTS (KOHA) | |
| Source of classification or shelving scheme | Dewey Decimal Classification |
| Item type | English Books |
| Call number suffix | HAL |
| Classification part | 658.40353 |
| Withdrawn status | Lost status | Source of classification or shelving scheme | Damaged status | Not for loan | Collection code | Home library | Current library | Date acquired | Source of acquisition | Cost, normal purchase price | Total Checkouts | Full call number | Barcode | Date last seen | Copy number | Cost, replacement price | Koha item type |
|---|---|---|---|---|---|---|---|---|---|---|---|---|---|---|---|---|---|
| Dewey Decimal Classification | Not For Loan | Non-fiction | D.B.Act.Division | D.B.Act.Division | 29/12/2009 | DBAD/PUB | 295.00 | 658.40353 HAL | EN-79232 | 29/12/2009 | 1 | 295.00 | English Books |
